Ďalšie dve novely zákona o dani z príjmov (komentár)

Novelizácia zákona č. 595/2003 Z.z. o dani z príjmov ďalšími dvomi zákonmi z 21. septembra 2004. Prvá novela - cestovné výdavky samostatne zárobkovo činnej osoby, druhá novela - úrokové výnosy z hypotekárnych záložných listov. Článok vznikol ešte pred ich uverejnením v Zbierke zákonov.

Salvato in:
Dettagli Bibliografici
Autore principale: Faiglová, Svetlana
Natura: Capitolo di libro
Lingua:slovacco
Soggetti:
Tags: Aggiungi Tag
Nessun Tag, puoi essere il primo ad aggiungerne!!

MARC

LEADER 00000naa$a2200000$$$4500
001 0021496
005 20231106070429.3
041 0 |a slo 
044 |a SK 
245 1 0 |a Ďalšie dve novely zákona o dani z príjmov (komentár)  |c Svetlana Faiglová 
520 |a Novelizácia zákona č. 595/2003 Z.z. o dani z príjmov ďalšími dvomi zákonmi z 21. septembra 2004. Prvá novela - cestovné výdavky samostatne zárobkovo činnej osoby, druhá novela - úrokové výnosy z hypotekárnych záložných listov. Článok vznikol ešte pred ich uverejnením v Zbierke zákonov. 
610 2 0 |a dane z príjmov 
610 2 0 |a zákony 
610 2 0 |a novelizácia 
610 2 0 |a komentáre 
610 2 0 |a cestovné 
610 2 0 |a listy záložné hypotekárne 
610 2 0 |a výnosy 
610 2 0 |a úrok 
610 2 0 |a Slovensko 
610 2 0 |a 2004 
100 1 |a Faiglová, Svetlana